00745nam a2200157Ia 4500008004100000024005600041082001700097100007400114245007700188260002500265600003200290650003300322856010700355952010800462999001700570250506s9999 xx 000 0 und d a10B-001-CE, 10B-005-CE, 10B-007-CE & 10B-019-CE a005.1072 BHU aJawad ahmed Bhutta, Fahad Shakeel, Abdus Samad & Ehtasham Khan afridi 0aAndroid Based Hospital Navigation on the Basic of Medical Specialization aKarachi:bUIT,c2010 aComputer System Engineering aBachelor of Engineering (BE) uhttps://drive.google.com/file/d/1DgMpo4nRjLsUY20fwvYtR3v385kmvWtX/view?usp=sharingyClick here for PDF 001040708PR-CEaUITUbUITUd2022-07-26l0o005.1072 BHUpCE-219r2025-05-06 11:34:09w2025-05-06yPR c27784d27784